Normal view MARC view
  • Afridi, Ayesha

Entry Personal Name

Number of records used in: 1

001 - CONTROL NUMBER

  • control field: 35238

003 - CONTROL NUMBER IDENTIFIER

  • control field: NUST

005 - DATE AND TIME OF LATEST TRANSACTION

  • control field: 20201112155850.0

008 - FIXED-LENGTH DATA ELEMENTS

  • fixed length control field: 201112|| aca||aabn | a|a d

040 ## - CATALOGING SOURCE

  • Original cataloging agency: NUST
  • Transcribing agency: NUST

100 ## - HEADING--PERSONAL NAME

  • Personal name: Afridi, Ayesha

670 ## - SOURCE DATA FOUND

  • Source citation: Work cat.: (NUST): Afridi, Ayesha, Trend Analysis of Polio in Pakistan Using Google Maps and Google Maps API /, 2016
© 2023 Central Library, National University of Sciences and Technology. All Rights Reserved.